| 000 | 00354nam a22001217a 4500 | ||
|---|---|---|---|
| 082 | _a220 PRO | ||
| 100 |
_aFAISAL,SAAD _972196 |
||
| 245 | _aPR-SOF-1138-DESIGN AND FABRICATION OF MATERIAL CHARGING MACHINE FOR ALUMINUM | ||
| 260 |
_aISLAMABAD _bNUST COLLEGE OF EME _c2012 |
||
| 650 |
_a DE-MECH-30 _972197 |
||
| 700 |
_aDR AAMER BAQAI _972198 |
||
| 942 | _cCR | ||
| 999 |
_c578341 _d578341 |
||